| 000 | 01059cam a2200277 i 4500 | ||
|---|---|---|---|
| 999 |
_c529334 _d529334 |
||
| 001 | 2216882 | ||
| 003 | NUST | ||
| 005 | 20190924130444.0 | ||
| 008 | 751124s1975 dcua b 000 0 eng | ||
| 010 | _a 75027971 | ||
| 038 | _aMSOHAIL | ||
| 040 |
_aDLC _cDLC _dDLC |
||
| 050 | 0 | 0 |
_aTE270 _b.N37 1975 |
| 082 | 0 | 0 | _a625.85 |
| 110 | 2 |
_aNational Research Council (U.S.). _bTransportation Research Board. _919676 |
|
| 245 | 1 | 0 | _aBituminous emulsions for highway pavements. |
| 260 |
_aWashington : _bTransportation Research Board, National Research Council, _c1975. |
||
| 300 |
_a76 p. : _bill. ; _c28 cm. |
||
| 440 | 0 |
_aSynthesis of highway practice ; _v30 _921212 |
|
| 500 | _a"Research sponsored by the American Association of State Highway and Transportation Officials and the Federal Energy Administration in cooperation with the Federal Highway Administration." | ||
| 504 | _aBibliography: p. 66-68. | ||
| 650 | 0 |
_aPavements, Asphalt. _921213 |
|
| 650 | 0 |
_aAsphalt. _921214 |
|
| 906 |
_a7 _bcbc _corignew _d2 _eocip _f19 _gy-gencatlg |
||
| 942 |
_2ddc _cBK |
||